| 000 | 01320aab a2200193 i 4500 | ||
|---|---|---|---|
| 001 | 768714001 | ||
| 003 | CO-MdFUSB | ||
| 005 | 20240423074030.0 | ||
| 008 | 220824s1999 ck ||||| |||| 00| 0 spa d | ||
| 040 |
_bspa _cCO-MdFUSB _dCO-MdFUSB |
||
| 041 | _aspa | ||
| 100 | 1 |
_aGonzález, Carmen _eautor |
|
| 245 | 1 | 0 |
_a¿Misioneros de usar y tirar? _c/ Carmen González |
| 300 |
_aVolumen 18, número 3 (julio - septiembre, 1999), páginas: 22 - 24 _c; 27 cm |
||
| 520 | _aEl misionero se siente utilizado. Está convencido de que lo quisieron mientras fue útil, pero ahora lo devuelven con un letrero en la espalda que dice "inútil para el servicio". Las agencias misioneras deben anticipar esta realidad y proveer vías de acción para atender a los heridos, otros destinos para los que no pueden seguir en el mismo lugar y la ayuda necesaria para los heridos de muerte. Las personas incluso los misioneros son más importantes que los programas. La persona que ha fallado puede y debe ser restaurada. Es necesario que el cuidado pastoral orientado a la restauración sea: constante, preventivo, ejercido "in situ", realizado con dignidad. | ||
| 653 | _acuidado pastoral | ||
| 773 | 0 |
_tIglesia y Misión _049402 _959631 _gVolumen 18, número 3 (julio - septiembre, 1999), páginas: 22 - 24 _qpágina: 22 |
|
| 942 | _cANA | ||
| 999 |
_c52407 _d52407 |
||